| 000 | 00595nam a22001937a 4500 | ||
|---|---|---|---|
| 999 |
_c4506 _d4506 |
||
| 003 | AR-CdUCM | ||
| 008 | 190308b ||||| |||| 00| 0 spa d | ||
| 040 |
_aMUNICIPALIDAD PROVINCIAL DEL CUSCO _cBIBLIOTECA MUNICIPAL DEL CUSCO |
||
| 082 |
_a869.56 / _bC86 |
||
| 100 |
_aJuan Cristóbal _914136 |
||
| 245 | _aCantual / | ||
| 260 |
_aLima : _bIndustrialgráfica, _c1963. |
||
| 300 |
_a30 páginas ; _c19.5 cm. |
||
| 500 | _aDonación familia Nieto e.2: Dedicatoria a Luis Nieto | ||
| 650 |
_aPoesías peruanas _91481 |
||
| 650 |
_aSiglo XX _98 |
||
| 942 |
_2ddc _cLIBROS |
||
| 945 |
_apjha _d2019-04-17 |
||